00322nam a22001217a 4500003000400000005001700004008004100021040002000062100003400082245004400116260003200160300000800192OSt20260310144803.0260310b |||||||| |||| 00| 0 eng d cIIMT UNIVERSITY a Vakul Sharma , Seema Sharma aInformation Technology Law and Practice aVNIVERSALbVNIVERSAL;c2026 a860